ბათუმის შოთა რუსთაველის სახელმწიფო უნივერსიტეტის ბიბლიოთეკა

ისევ ლექსებით (ბიბ.ჩანაწერი № 42821)

000 -LEADER
fixed length control field 00591nam a2200205Ia 4500
001 - CONTROL NUMBER
control field 9527
003 - CONTROL NUMBER IDENTIFIER
control field GE_BSU
008 - FIXED-LENGTH DATA ELEMENTS--GENERAL INFORMATION
fixed length control field 181216s||||||||xx |||||||||||||| ||und||
040 ## - CATALOGING SOURCE
Transcribing agency GE_BSU
080 ## - UNIVERSAL DECIMAL CLASSIFICATION NUMBER
Universal Decimal Classification number 821.353.1–1
100 ## - MAIN ENTRY--PERSONAL NAME
Personal name მარიჯან
245 ## - TITLE STATEMENT
Title ისევ ლექსებით
245 ## - TITLE STATEMENT
Statement of responsibility, etc. რედ.ალ.ადამია.მხტვ.ირ.ჯანაშვილი
260 ## - PUBLICATION, DISTRIBUTION, ETC.
Place of publication, distribution, etc. თბილისი
260 ## - PUBLICATION, DISTRIBUTION, ETC.
Name of publisher, distributor, etc. მერანი
260 ## - PUBLICATION, DISTRIBUTION, ETC.
Date of publication, distribution, etc. 1969
300 ## - PHYSICAL DESCRIPTION
Extent 147გვ.17სმ
653 ## - INDEX TERM--UNCONTROLLED
Uncontrolled term ისევ ლექსებით
942 ## - ADDED ENTRY ELEMENTS (KOHA)
Koha item type წიგნი
ეგზემპლარები
Withdrawn status Lost status Damaged status Not for loan Date acquired Barcode Date last seen Price effective from Koha item type
        2018-12-17 32518 2018-12-17 2018-12-17 წიგნი